000 00458nmm a2200157Ia 4500
008 251105s9999||||xx |||||||||||||||||und||
020 _a9788496831308
041 _aspa
100 _aLizón, Ángeles
245 0 _aLa otra sociología: Una saga de empíricos y analíticos
264 _a[Madrid, España] :
_bMontesinos,
_c2007
300 _a382 páginas
650 _aSociology
856 _uhttps://public.digitaliapublishing.com/a/60092
942 _cCF
999 _c90134
_d90134